000 01486nam a2200229 a 4500
001 BS0003679
003 BR-BrBNA
005 20231101130205.0
008 230308b |||||||| |||| 00| 0 por d
040 _aBR-BrBNA
_bpor
_cBiblioteca Nacional de Agricultura
041 _apor
072 _aS89
090 _aS89
_bBS0003679
100 1 _aFantini, Bruno
245 1 _aUm bom começo /
260 3 _aSl.:
_bNori Figueiredo e André Stenico,
_c2013.
300 _a24 p.
500 _aIlustrado por: Nori Figueiredo e Gabriel de Gões Figueiredo.
520 3 _aA FMC e a Companhia de Teatro Sia Santa prepararam um espetáculo teatral divertidíssimo, educacional e informativo, o "Plantando o 7". Voltado para o público infantil, o espetáculo busca promover consciência ambiental e boas práticas agrícolas através dos "7 Hábitos de Atuação Responsável". O projeto está sendo levado até as crianças de cidades do interior do Estado de Minas Gerais, dentro do Programa da Lei de Incentivo à Cultura do Governo de Minas, com patrocínio exclusivo da FMC, uma empresa responsável e comprometida com a preservação do meio ambiente. A fim de promover e difundir ainda mais o conhecimento de práticas responsáveis, transformamos a história do "Plantando o 7" no livro "Um Bom Começo", que agora passa a ser entregue a aproximadamente 25.000 crianças que tiveram a oportunidade de participar do projeto.
650 _aLITERATURA INFANTO - JUVENIL
942 _cBK
_2AGRIS
999 _c8742
_d8742